Management of Neurological disorders / (Record no. 1164)
[ view plain ]
| 000 -LEADER | |
|---|---|
| fixed length control field | 00545nam a22001937a 4500 |
| 003 - CONTROL NUMBER IDENTIFIER | |
| control field | OSt |
| 005 - DATE AND TIME OF LATEST TRANSACTION | |
| control field | 20150306143732.0 |
| 008 - FIXED-LENGTH DATA ELEMENTS--GENERAL INFORMATION | |
| fixed length control field | 150306b xxu||||| |||| 00| 0 eng d |
| 020 ## - INTERNATIONAL STANDARD BOOK NUMBER | |
| International Standard Book Number | 0727909037 |
| 040 ## - CATALOGING SOURCE | |
| Transcribing agency | dnlm |
| 082 ## - DEWEY DECIMAL CLASSIFICATION NUMBER | |
| Classification number | WL 100 M312 1995 |
| 245 ## - TITLE STATEMENT | |
| Title | Management of Neurological disorders / |
| Statement of responsibility, etc. | Edited by CM Wiles |
| 260 ## - PUBLICATION, DISTRIBUTION, ETC. (IMPRINT) | |
| Place of publication, distribution, etc. | Britain : |
| Name of publisher, distributor, etc. | BMJ publishing group; |
| Date of publication, distribution, etc. | 1995. |
| 300 ## - PHYSICAL DESCRIPTION | |
| Extent | viii,341 p : |
| Other physical details | ill; |
| Dimensions | 27 cm. |
| 504 ## - BIBLIOGRAPHY, ETC. NOTE | |
| Bibliography, etc | Includes index. |
| 650 ## - SUBJECT ADDED ENTRY--TOPICAL TERM | |
| Topical term or geographic name as entry element | Neurogical Disorders |
| 9 (RLIN) | 3183 |
| 700 ## - ADDED ENTRY--PERSONAL NAME | |
| Relator code | Editor |
| Personal name | Wiles CM |
| 9 (RLIN) | 3184 |
| 942 ## - ADDED ENTRY ELEMENTS (KOHA) | |
| Source of classification or shelving scheme | Other/Generic Classification Scheme |
| Koha item type | Short Loan |
| Withdrawn status | Lost status | Source of classification or shelving scheme | Damaged status | Not for loan | Home library | Current library | Date acquired | Source of acquisition | Inventory number | Total Checkouts | Full call number | Barcode | Date last seen | Price effective from | Koha item type |
|---|---|---|---|---|---|---|---|---|---|---|---|---|---|---|---|
| Other/Generic Classification Scheme | MUST Main Library | MUST Main Library | 06/03/2015 | 2003/18185 | WL 100 M312 1995 | 2015-0488 | 06/03/2015 | 06/03/2015 | Short Loan | ||||||
| Other/Generic Classification Scheme | MUST Main Library | MUST Main Library | 06/03/2015 | 2003/18187 | WL 100 M312 1995 | 2015-0489 | 06/03/2015 | 06/03/2015 | Short Loan | ||||||
| Other/Generic Classification Scheme | MUST Main Library | MUST Main Library | 04/10/2016 | 03/18186 | WL 100 M312 1995 | 2016-4600 | 04/10/2016 | 04/10/2016 | Open Shelf |
